00402nam a2200145Ia 4500100001400000650001600014942000700030654001300037245006300050260002300113300000700136546001200143999001700155952008400172 aSyllabus  aAutomobiles cBK aSyllabus aSyllabus For IInd Year Diploma in Computer Engg.From 2002 bBhavik Book Centre a72 aENGLISH c28913d28913 001040708PTaCRCEbCRCEd2023-03-17l0o pPT653r2023-03-17w2023-03-17yBK